Taxation in the modern state /

Bibliographic Details
Main Author: Comstock, Alzada, 1888-1960
Format: Book
Language:English
Published: New York [etc.] : Longmans, Green and co., 1929.
Series:[Longmans' economic series]
Subjects:

MARC

Tag First Indicator Second Indicator Subfields
LEADER 00000cam a2200000 4500
001 in00000061785
005 20151008050610.0
008 751125s1929 nyud b 00010 eng
010 |a  29010136  
035 |a (OCoLC)01853028 
035 |9 AAG2048AM 
040 |a DLC  |c TNH  |d TXA  |d UtOrBLW 
049 |a TXAM  |c [129252] 
050 0 |a HJ2279  |b .C6 
092 |a 336.2  |b C739t 
100 1 |a Comstock, Alzada,  |d 1888-1960. 
245 1 0 |a Taxation in the modern state /  |c by Alzada Comstock... 
264 1 |a New York [etc.] :  |b Longmans, Green and co.,  |c 1929. 
300 |a vii 240 pages :  |b including tables ;  |c 20 cm 
336 |a text  |b txt  |2 rdacontent 
337 |a unmediated  |b n  |2 rdamedia 
338 |a volume  |b nc  |2 rdacarrier 
490 0 |a [Longmans' economic series] 
500 |a "First edition" 
500 |a "Bibliographical note" at end of each chapter 
650 0 |a Taxation. 
999 |a MARS 
999 f f |s 83f47acb-de03-3650-b698-ebc82a6ab2ed  |i bc6b0506-992a-386f-822f-349f6d7b4a1c  |t 0 
952 f f |p ric  |a Texas A&M University  |b Rellis Campus  |c Joint Library Facility  |d Remote Storage  |t 0  |e HJ2279 .C6  |h Library of Congress classification  |i unmediated -- volume  |m A14800748061 
998 f f |a HJ2279 .C6  |t 0  |l Remote Storage